Záchvevy ; Kladkostroje

Bibliographic Details
Main Author: Michaux, Henri, 1899-1984 (Author)
Format: Article
Language:Slovak
French
Subjects:

MARC

LEADER 00000nab a2200000 a 4500
001 vtls009409039
003 SK-MaSNL
005 20260303231126.0
008 131118c2008 xo |r|p|||||||000 b|slo
015 |a SNBRB2008/11  |2 snkbucl 
038 |a SNKBUCL 
040 |a SNKBUCL  |b slo  |c SNKBUCL  |e AACR2 
041 1 |a slo  |h fre 
044 |a xo  |c SK 
080 |a 821.133.1-1  |2 2001 
100 1 |a Michaux, Henri,  |d 1899-1984  |4 aut  |9 222968 
245 1 0 |a Záchvevy ; Kladkostroje  |c Henry Michaux ; preložil Ján Stacho 
500 |a Kultúrny život č. 13/1964 
655 7 |a francúzska poézia  |2 snkbucl  |9 70610 
740 0 2 |a Kladkostroje 
773 0 |t Romboid  |g Roč. XLIII, č. 7 (2008), s. 21  |x 0231-6714 
852 |a SNK  |b KIS3GCP 
958 |a LX 
958 |a FR 
999 |c 2265310  |d 2267240